00397nam a2200133 a 4500008004100000050002200041110005400063245001900117260002300136300001700159350000900176650003100185710004700216120416s2005 ||||||||||||||||| || u aGOV.ZAM(02)2005/6 aNational Agricultural Information Services (NAIS)10aTomato growing aLusakabNAISc2005 a14pp. : ill. a0.00 aTOMATOES--BREEDING--ZAMBIA aGovernment of the Republic of Zambia (GRZ)